Premier League Torschützen 2021/2022 - Statistiken

Allgemein
  • Dieses Quiz wurde 1.612 mal gespielt
  • Das Durchschnittsergebnis liegt bei 9 aus 10
Antwortstatistiken
Tore Verein Spieler % Korrekt
17 Tottenham Hotspur Harry Kane
100%
23 FC Liverpool Mohamed Salah
100%
23 Tottenham Hotspur Heung-Min Son
98%
16 FC Liverpool Sadio Mané
95%
15 Leicester City Jamie Vardy
92%
18 Manchester United Cristiano Ronaldo
90%
15 Manchester City Kevin De Bruyne
83%
13 Manchester City Raheem Sterling
73%
14 Crystal Palace Wilfried Zaha
70%
15 FC Liverpool Diogo Jota
67%
Keine übereinstimmenden Quizze gefunden
Verteilung der Resultate
Anzahl Personen mit jedem Resultat
Perzentil nach korrekt beantworteten Fragen
Ihre Resultats-Entwicklung
Sie haben dieses Quiz noch nicht gespielt